000
00342 a2200157 4500
001
190434
020
_a
978-0-19-846676-5
040
_c
Magnum
100
_a
Donaldson, Julia
240
1
0
_a
The shopping list
_l
ING
245
1
0
_a
The shopping list
300
_a
16
362
0
_a
2008
697
_a
LITERATURA INFANTIL INGLESA
942
_c
BK
999
_c
190434
_d
190434